000 00802cam a2200265 4500
008 000000n2002 000 0 eng u
020 _a0415242800
035 _a(Sirsi) u114562
041 _aeng
050 _a692.5
245 _aSpon's mechanical and electrical services price book 2002
250 _a33rd
260 _aLondon
_b E & F N Spon
_c2002
350 _a110.00
520 _aThere is a separate CD-Rom (CD09609) for reference use in the Library.
650 _aBUILT ENVIRONMENT-BUILDING COSTS
650 _aBlock management
_96220
650 _aELECTRICAL SERVICES
650 _aLABOUR COSTS
650 _aMECHANICAL AND ELECTRICAL SERVICES
650 _aBUILDING PRICE BOOKS
690 _aBUILT ENVIRONMENT-BUILDING COSTS
710 _aMott Green & Wall
942 _n0
999 _c101629
_d101629